banner

Temas claves de farmacología / (Registro nro. 177)

000 -LEADER
fixed length control field 01541nam a2200301 b 4500
003 - CONTROL NUMBER IDENTIFIER
control field AR-BaISA
005 - DATE AND TIME OF LATEST TRANSACTION
control field 20220601182547.0
007 - PHYSICAL DESCRIPTION FIXED FIELD--GENERAL INFORMATION
fixed length control field ta
008 - FIXED-LENGTH DATA ELEMENTS--GENERAL INFORMATION
fixed length control field 070528s2008 sp a | |||| 001 0 spa d
020 ## - INTERNATIONAL STANDARD BOOK NUMBER
International Standard Book Number 9788493558321
040 ## - CATALOGING SOURCE
Transcribing agency AR-BaISA
082 04 - DEWEY DECIMAL CLASSIFICATION NUMBER
Edition number 22
Classification number 615.1 R725
100 10 - MAIN ENTRY--PERSONAL NAME
Personal name Rosenfeld, Gary C.
Relator code aut.
9 (RLIN) 418
245 10 - TITLE STATEMENT
Title Temas claves de farmacología /
Statement of responsibility, etc. Gary C. Rosenfeld y David S. Loose
250 ## - EDITION STATEMENT
Edition statement 4ª ed.
260 ## - PUBLICATION, DISTRIBUTION, ETC.
Place of publication, distribution, etc. Barcelona:
Name of publisher, distributor, etc. Wolters Kluwer Health,
Date of publication, distribution, etc. 2008
300 ## - PHYSICAL DESCRIPTION
Extent XI, 420 p.:
Other physical details il.;
Dimensions 25 cm
336 ## - CONTENT TYPE
Content type term Texto (visual)
Source isbdcontent
337 ## - MEDIA TYPE
Media type term sin mediación
Source isbdmedia
490 1# - SERIES STATEMENT
Serie Board review
504 ## - BIBLIOGRAPHY, ETC. NOTE
Bibliography, etc. note Índice analítico p: 401-420
505 ## - FORMATTED CONTENTS NOTE
Title Principios generales de la acción farmacológica --
-- Fármacos con acción sobre el sistema nervioso autónomo --
-- Fármacos con acción sobre el sistema renal --
-- Fármacos con acción sobre el sistema nervioso central --
-- Autacoides, ergóticos, antiinflamatorios e inmnodepresores --
-- Fármacos utilizados en el tratamiento de la anemia y los trastornos de la hemostasia --
-- Fármacos que actúan sobre el aparato digestivo --
-- Fármacos que actúan sobre el aparato respiratorio --
-- Fármacos que actúan sobre el aparato endocrino --
-- Fármacos que se usan en el tratamiento de las enfermedades infecciosas --
-- Quimioterapia antineoplásica --
-- Toxicología
530 ## - ADDITIONAL PHYSICAL FORM AVAILABLE NOTE
Additional physical form available note Disponible en sitio web
650 14 - SUBJECT ADDED ENTRY--TOPICAL TERM
9 (RLIN) 406
Topical term or geographic name entry element Farmacología
700 1# - ADDED ENTRY--PERSONAL NAME
Personal name Loose, David S.
Relator code aut.
9 (RLIN) 419
830 #0 - SERIES ADDED ENTRY--UNIFORM TITLE
9 (RLIN) 420
Uniform title Board review
942 ## - ADDED ENTRY ELEMENTS (KOHA)
Source of classification or shelving scheme
Koha item type Libros
Existencias
Withdrawn status Lost status Source of classification or shelving scheme Damaged status Not for loan Permanent Location Current Location Date acquired Inventory number Total Checkouts Full call number Barcode Date last seen Date last checked out Price effective from Koha item type
          Biblioteca ISALUD. Dr. Néstor Rodríguez Campoamor Biblioteca ISALUD. Dr. Néstor Rodríguez Campoamor 2019-02-05 1532 2 615.1 R725 1532 2024-10-08 2024-09-27 2019-02-05 Libros